000186237 001__ 186237
000186237 005__ 20230317124143.0
000186237 0247_ $$2URN$$aurn:nbn:de:hebis:30-71896
000186237 037__ $$aGSI-2016-00735
000186237 041__ $$aEnglish
000186237 0881_ $$aGSI-Diss-2009-12
000186237 088__ $$2GSI$$aGSI-Diss-2009-12
000186237 1001_ $$0P:(DE-HGF)0$$aGalatyuk, Tetyana$$b0$$gfemale
000186237 245__ $$aDi-electron spectroscopy in HADES and CBM: from p+p and n+p collisions at GSI to Au+Au collisions at FAIR $$f - 2009-07-17
000186237 260__ $$aGSI, Darmstadt$$bGSI$$c2009
000186237 300__ $$a142 p.
000186237 3367_ $$2DataCite$$aOutput Types/Dissertation
000186237 3367_ $$2ORCID$$aDISSERTATION
000186237 3367_ $$2BibTeX$$aPHDTHESIS
000186237 3367_ $$02$$2EndNote$$aThesis
000186237 3367_ $$0PUB:(DE-HGF)29$$2PUB:(DE-HGF)$$aReport$$mreport
000186237 3367_ $$0PUB:(DE-HGF)11$$2PUB:(DE-HGF)$$aDissertation / PhD Thesis$$bphd$$mphd$$s1494424250_12694
000186237 3367_ $$2DRIVER$$adoctoralThesis
000186237 502__ $$aJohann Wolfgang Goethe Universität Frankfurt a. M., Diss., 2009$$bDr.$$cJohann Wolfgang Goethe Universität Frankfurt a. M.$$d2009
000186237 520__ $$aOnTEAM metadata: GDSID: DOC-2009-Oct-32; Attribute ID: LIBRARY-thesis_diss-2009-012; Title: [GSI Diss 2009-12] Di-electron spectroscopy in HADES and CBM: from p + p and n + p collisions at GSI to Au + Au collisions at FAIR [17.07.2009]; Author(s): Galatyuk, Tatyana; Corporate author(s): ; Publication date: 20091002; Creator: manton; Creation date: 02.10.2009 14:25:21; Change date: 18.12.2009 14:36:16; Access: nur berechtigte Gruppen; Attribute type: Text.Thesis.Diss; Directory path: ['GSI Publications', 'GSI as Publisher']; Attribute path: ['Infrastructure', 'Library and Documentation', 'thesis_diss', 'Added in 2009']; File name(s): ['DOC-2009-Oct-32-1.pdf']; File title(s): ['']; File access: ['Welt']
000186237 536__ $$0G:(DE-HGF)POF3-899$$a899 - ohne Topic (POF3-899)$$cPOF3-899$$fPOF III$$x0
000186237 650_7 $$xDiss.
000186237 8564_ $$uhttps://repository.gsi.de/record/186237/files/GSI-Diss-2009-12.pdf$$yRestricted
000186237 8564_ $$uhttps://repository.gsi.de/record/186237/files/GSI-Diss-2009-12.gif?subformat=icon$$xicon$$yRestricted
000186237 8564_ $$uhttps://repository.gsi.de/record/186237/files/GSI-Diss-2009-12.jpg?subformat=icon-1440$$xicon-1440$$yRestricted
000186237 8564_ $$uhttps://repository.gsi.de/record/186237/files/GSI-Diss-2009-12.jpg?subformat=icon-180$$xicon-180$$yRestricted
000186237 8564_ $$uhttps://repository.gsi.de/record/186237/files/GSI-Diss-2009-12.jpg?subformat=icon-640$$xicon-640$$yRestricted
000186237 8564_ $$uhttps://repository.gsi.de/record/186237/files/GSI-Diss-2009-12.jpg?subformat=icon-700$$xicon-700$$yRestricted
000186237 8564_ $$uhttps://repository.gsi.de/record/186237/files/GSI-Diss-2009-12.pdf?subformat=pdfa$$xpdfa$$yRestricted
000186237 909CO $$ooai:repository.gsi.de:186237$$pVDB
000186237 9131_ $$0G:(DE-HGF)POF3-899$$1G:(DE-HGF)POF3-890$$2G:(DE-HGF)POF3-800$$3G:(DE-HGF)POF3$$4G:(DE-HGF)POF$$aDE-HGF$$bProgrammungebundene Forschung$$lohne Programm$$vohne Topic$$x0
000186237 9141_ $$y2009
000186237 920__ $$lyes
000186237 9201_ $$0I:(DE-Ds200)HAD-20080822OR103$$kHAD$$lHADES$$x0
000186237 9201_ $$0I:(DE-Ds200)BUD-20051214OR030$$kBUD$$lBibliothek & Dokumentation$$x1
000186237 980__ $$aphd
000186237 980__ $$aVDB
000186237 980__ $$areport
000186237 980__ $$aI:(DE-Ds200)20110831OR103
000186237 980__ $$aI:(DE-Ds200)HAD-20080822OR103
000186237 980__ $$aI:(DE-Ds200)20120319OR030
000186237 980__ $$aI:(DE-Ds200)BUD-20051214OR030
000186237 980__ $$aUNRESTRICTED